| 000 | 00351 a2200157 4500 | ||
|---|---|---|---|
| 001 | 150889 | ||
| 040 | _cEscola São Tomás de Aquino | ||
| 100 | _aPUECH, Michel | ||
| 240 | 1 | 0 |
_aA justiça e a injustiça _lpor |
| 245 | 1 | 0 | _aA justiça e a injustiça |
| 300 | _a40 | ||
| 362 | 0 | _a2002 | |
| 440 | 1 | _aScipione | |
| 697 | _aPsicologia | ||
| 942 | _cBK | ||
| 999 |
_c150889 _d150889 |
||